000 00285nam a22001337a 4500
008 170210b xxu||||| |||| 00| 0 eng d
020 _a403705848609
041 _aeng
080 _a61
100 _a4
101 _aSHM
245 _aDIABETES SOURCEBOOK
_cGUTHRIE.W
942 _2udc
_cBK
999 _c5171
_d5171